[Event "?"]
[Site "Deutsche Einzelmeisterschaft / Dudweiler (1)"]
[Date "1996.??.??"]
[Round "?"]
[White "Walter, Guenter"]
[Black "Lagunov, Aleksandr"]
[Result "1/2-1/2"]
[WhiteElo "2275"]
[BlackElo "2425"]
[PlyCount "62"]

1. d4 (1. b3 Nf6 2. Bb2 g6 3. f4 Bg7 4. Nf3 O-O 5. e3 d6 6. d4 c5 7. Be2 b6 8.
O-O Bb7 9. c4 e6 10. Nc3 Qe7 11. Qe1 Nc6 12. Rd1 Rfd8 13. h3 Rac8 14. g4 cxd4
15. exd4 d5 16. f5 exf5 17. gxf5 Qe3+ 18. Rf2 Qf4 19. fxg6 hxg6 20. Qf1 Ne7 21.
Bc1 Qg3+ 22. Rg2 Qxh3 23. Bg5 Nf5 24. Bxf6 Ng3 25. Qe1 Nxe2+ 26. Nxe2 Bxf6 27.
Qf1 Bg7 28. Nf4 Qh6 29. Ng5 dxc4 30. Nxf7 Qh4 31. Nxd8 Rxd8 32. Qxc4+ {
1-0 Movsziszian, Karen-Wesseln, Kai/Deutsche Einzelmeisterschaft / Dudweiler
1996}) (1. e4 c5 (1... d6 2. d4 Nf6 3. Nc3 g6 4. g3 Nbd7 5. Bg2 e5 6. Nf3 Bg7
7. h3 O-O 8. O-O b6 9. Re1 Bb7 10. d5 Qe7 11. a4 a6 12. Nd2 Kh8 13. a5 b5 14.
Na2 Ng8 15. Nb4 f5 16. Nf3 Nc5 17. exf5 gxf5 18. Bg5 Bf6 19. h4 Qg7 20. Ra3 h6
21. Bxf6 Nxf6 22. Nh2 Rg8 23. Bh3 Raf8 24. Nf1 f4 25. Kh2 Nfe4 26. Rf3 Nxf2 27.
Qe2 Nxh3 28. Kxh3 e4 {0-1 Steinkohl, Thomas-Slobodjan, Roman/Deutsche
Einzelmeisterschaft / Dudweiler 1996}) (1... e5 2. Nf3 Nc6 3. Bb5 a6 4. Ba4 Nf6
5. O-O Be7 6. Re1 b5 7. Bb3 d6 8. c3 O-O 9. h3 Na5 10. Bc2 c5 11. d4 Bb7 12. d5
Bc8 13. Nbd2 Bd7 14. b3 Qc7 15. Nf1 Ne8 16. a4 bxa4 17. bxa4 Nf6 18. Ne3 Rfb8
19. Ba3 Qc8 20. Nd2 Bd8 21. Nec4 Ne8 22. Bc1 g6 23. Ra3 Bc7 24. f4 exf4 25.
Nxa5 Bxa5 26. Nc4 {Wahls, Matthias-Hennings, Artur/Deutsche
Einzelmeisterschaft / Dudweiler 1996/1-0 (60)}) 2. Nf3 (2. f4 Nc6 3. Nf3 g6 4.
Nc3 Bg7 5. Bb5 Nd4 6. Bd3 Nc6 7. O-O e6 8. Qe2 d6 9. a3 Nge7 10. b4 cxb4 11.
axb4 Nxb4 12. Ba3 O-O 13. Rfb1 Nbc6 14. Kh1 a6 15. e5 d5 16. Bc5 Nf5 17. Bxf5
gxf5 18. Bxf8 Bxf8 19. d4 Rb8 20. Rg1 Kh8 21. Ng5 Qe7 22. Qh5 h6 23. Nxf7+ {
1-0 Bangiev, Alexander-Bischoff, Dieter/Deutsche Einzelmeisterschaft /
Dudweiler 1996}) 2... Nc6 (2... d6 3. d4 cxd4 4. Nxd4 Nf6 5. Nc3 Nc6 6. Be2 g6
7. O-O Bg7 8. Nb3 O-O 9. Re1 a6 10. Bf1 Be6 11. Nd5 Rc8 12. Bg5 Bxd5 13. exd5
Ne5 14. c3 Nc4 15. Nd2 Nxd2 16. Qxd2 Re8 17. c4 Nd7 18. Re4 Bf6 19. h4 Qb6 20.
Rb1 a5 21. b3 Qb4 22. Qe2 Nc5 23. a3 Qb6 24. Re3 Bxg5 25. hxg5 e5 26. dxe6 Rxe6
27. b4 axb4 28. axb4 {Schmaltz, Roland-Homuth, Manfred/Deutsche
Einzelmeisterschaft / Dudweiler 1996/1-0 (57)}) 3. d4 (3. Nc3 e5 4. Bc4 Be7 5.
d3 d6 6. h3 Nf6 7. O-O O-O 8. a4 h6 9. Nh2 Be6 10. Re1 a6 11. Nf1 Nd4 12. Ne3
Kh8 13. Bd2 Nd7 14. a5 Bg5 15. Bd5 Rb8 16. Nc4 Bxd2 17. Qxd2 Nf6 18. Qd1 Bxd5
19. exd5 Ne8 20. Rf1 f5 21. f4 exf4 22. Rxf4 Nc7 23. Kh1 Qe7 24. Qd2 Rbe8 25.
Rff1 Rd8 26. Rae1 Qf7 27. Nb6 Rfe8 28. Rxe8+ Rxe8 {Schmitzer, Klaus-Rabiega,
Robert/Deutsche Einzelmeisterschaft / Dudweiler 1996/ -  (80)}) 3... cxd4 4.
Nxd4 Nf6 5. Nc3 e5 6. Ndb5 d6 (6... h6 7. Nd6+ Bxd6 8. Qxd6 Qe7 9. Qxe7+ Kxe7
10. b3 d6 11. Ba3 Be6 12. O-O-O Rhd8 13. f3 a6 14. Nd5+ Bxd5 15. exd5 Nd4 16.
c4 b5 17. Bd3 Rdc8 18. Rhe1 bxc4 19. bxc4 Nb5 20. Bb2 Nd7 21. Kd2 Nc7 22. Ba3
Ne8 23. Rb1 Ra7 24. Rb2 Nc5 25. Bf5 Rcc7 26. f4 f6 27. Bg6 Nd7 28. Kc3 Ra8 29.
Bf5 Rac8 30. Re4 g5 31. g3 {Muller, Karsten-Glienke, Dr. Manfred/Deutsche
Einzelmeisterschaft / Dudweiler 1996/1-0 (57)}) 7. Bg5 a6 8. Na3 b5 9. Nd5 Be7
10. Bxf6 Bxf6 11. c3 Bb7 12. Nc2 Nb8 13. a4 bxa4 14. Rxa4 Nd7 15. Rb4 Rb8 16.
Bc4 O-O 17. O-O Bg5 18. Qe2 Nc5 19. Rd1 Kh8 20. Ne1 a5 21. Rb5 Bc6 22. Rxb8
Qxb8 23. Nf3 Bh6 24. b4 Na4 25. Qc2 axb4 26. Nxb4 {Zude, Arno-Klemm, Dietmar/
Deutsche Einzelmeisterschaft / Dudweiler 1996/ -  (38)}) (1. Nf3 d6 2. d4 Nf6
3. g3 g6 4. Bg2 Bg7 5. O-O O-O 6. c4 Nc6 7. d5 Na5 8. Nfd2 c5 9. Nc3 a6 10. Qc2
Rb8 11. b3 b5 12. cxb5 axb5 13. Bb2 e5 14. e4 Nh5 15. Bf3 Bh3 16. Rfe1 Bh6 17.
Bc1 Ng7 18. a3 f5 19. b4 cxb4 20. axb4 Bxd2 21. Bxd2 Nc4 22. Bh6 Qb6 23. Ra2
Rfc8 24. Qc1 Ra8 25. Rxa8 Rxa8 26. Qg5 fxe4 27. Nxe4 Nf5 28. g4 Nd4 29. Qe7
Nxf3+ 30. Kh1 Bg2+ 31. Kxg2 Nxe1+ 32. Kh1 Qa7 33. Nf6+ Kh8 34. Bg7# {1-0 Giesbr
echt, Ewgeni-Lohn, Carsten/Deutsche Einzelmeisterschaft / Dudweiler 1996}) 1...
Nf6 (1... c5 2. d5 e5 3. c4 d6 4. Nc3 Ne7 5. e4 Ng6 6. Be3 Be7 7. Qd2 h6 8. g3
Bg5 9. h4 Bxe3 10. Qxe3 a6 11. h5 Nf8 12. f4 Nfd7 13. Nf3 Qe7 14. Bh3 O-O 15.
Bf5 b5 16. cxb5 exf4 17. gxf4 axb5 18. Bxd7 Nxd7 19. Nxb5 Nb6 20. Kf2 Ba6 21.
Na3 Qb7 22. Qd2 Rab8 23. Rhg1 Nd7 24. b3 Nf6 25. Rae1 Qb4 26. Qb2 Nxh5 {
Becking, Stefan-Zeller, Frank/Deutsche Einzelmeisterschaft / Dudweiler 1996/
0-1 (44)}) (1... g6 2. c4 Bg7 3. Nc3 d6 4. e4 Nc6 5. Be3 e5 6. d5 Nd4 7. Nge2
Bg4 8. Qd2 Bxe2 9. Nxe2 c5 10. dxc6 Nxc6 11. O-O-O Nf6 12. f3 O-O 13. g4 Ne8
14. h4 Nc7 15. Bh6 Ne6 16. Kb1 Ncd4 17. Nxd4 Nxd4 18. Bxg7 Kxg7 19. f4 h6 20.
g5 h5 21. Bd3 a6 22. f5 b5 23. Rdf1 Rc8 24. cxb5 axb5 25. Rh2 Qd7 26. Rhf2 {
Kirschbaum, Gunnar-Siebrecht, Sebastian/Deutsche Einzelmeisterschaft /
Dudweiler 1996/0-1 (54)}) (1... f5 2. g3 Nf6 3. Bg2 g6 4. c3 (4. Nh3 Bg7 5. O-O
O-O 6. c4 d6 7. d5 Na6 8. Nf4 Nc5 9. h4 e5 10. dxe6 c6 11. Nc3 Qe7 12. b4 Nxe6
13. Rb1 Ng4 14. Na4 Ne5 15. b5 Bd7 16. bxc6 bxc6 17. Rb7 Rfb8 18. Qb3 Rxb7 19.
Qxb7 Qd8 20. Rd1 Rb8 21. Qa6 Nc7 22. Qxa7 Ra8 23. Qb6 Rxa4 24. Qb3 Ra8 25. Rxd6
Rb8 26. Qc2 Qe7 27. Ba3 Qf7 28. Rd1 Be8 {Gross, Georg-Lutz, Christopher/
Deutsche Einzelmeisterschaft / Dudweiler 1996/ -  (47)}) 4... Bg7 5. Qb3 Na6 6.
Nd2 c5 7. Ngf3 cxd4 8. cxd4 Nc7 9. Ne5 e6 10. O-O O-O 11. Ndc4 d6 12. Nd3 Nfd5
13. e3 b6 14. Bd2 Qe7 15. Rac1 Ba6 16. Nb4 Bb7 17. Rc2 Rad8 18. Rfc1 Nxb4 19.
Bxb4 Bxg2 20. Kxg2 Nd5 21. Kg1 g5 22. Ba3 g4 23. Ne5 Qe8 24. Nc6 Rd7 25. Nb4
Nf6 26. Rc8 {Dietz, Holger-Mainka, Romuald/Deutsche Einzelmeisterschaft /
Dudweiler 1996/0-1 (56)}) (1... d5 2. c4 c6 3. Nf3 Nf6 4. e3 Bf5 5. Nc3 e6 6.
Bd3 dxc4 7. Bxc4 Nbd7 8. O-O Be7 9. Qe2 O-O 10. e4 Bg4 11. Rd1 Qc7 12. Be3 Rad8
13. Rac1 Qa5 14. h3 Bh5 15. Bd2 Qc7 16. e5 Ne8 17. Ne4 Nb6 18. Ba5 Qd7 19. Ng3
Bg6 20. Bb3 Nc7 21. Bd2 Nb5 22. Be3 Nd5 23. Bg5 h6 24. Bxe7 Qxe7 25. Qc4 Rd7
26. Qc5 Qxc5 27. dxc5 {Schwing, Hans_Elmar-Hetey, Laszlo/Deutsche
Einzelmeisterschaft / Dudweiler 1996/1-0 (91)}) 2. Nf3 (2. c4 g6 3. Nc3 Bg7 4.
e4 d6 5. Be2 c6 6. Nf3 O-O 7. O-O Nbd7 8. Qc2 a6 9. Rd1 Qc7 10. Bg5 h6 11. Bh4
e5 12. dxe5 dxe5 13. Rac1 a5 14. a3 a4 15. Nxa4 Nxe4 16. Qxe4 Rxa4 17. Qc2 Ra8
18. Be7 Re8 19. Bd6 Qa5 20. c5 Qa4 21. b3 Qxa3 22. Bc4 Nf8 23. Re1 b5 24. Bd3
Nd7 25. Rcd1 Qa2 26. Qc3 Qa5 {Enigk, Frank-Bastian, Herbert/Deutsche
Einzelmeisterschaft / Dudweiler 1996/0-1 (70)}) 2... g6 3. c4 Bg7 4. Nc3 d5 5.
cxd5 Nxd5 6. Qb3 Nb6 7. Bf4 Be6 8. Qc2 Nc6 9. e3 O-O 10. Be2 Nb4 11. Qb1 c5 12.
dxc5 N6d5 13. Be5 Bxe5 14. Nxe5 Qc7 15. Nxd5 Bxd5 16. Nf3 Qxc5 17. O-O Rfc8 18.
e4 Be6 19. Rc1 Qxc1+ 20. Qxc1 Rxc1+ 21. Rxc1 Nxa2 22. Rc7 Rc8 23. Rxb7 Rc1+ 24.
Bf1 Rd1 25. Rc7 Nc1 26. Nd4 Nb3 27. Nxb3 Bxb3 28. g3 a5 29. Kg2 Rd2 30. Ra7 a4
31. Bb5 Rxb2 1/2-1/2

[Event "?"]
[Site "Deutsche Einzelmeisterschaft / Dudweiler (1)"]
[Date "1996.??.??"]
[Round "?"]
[White "Becking, Stefan"]
[Black "Zeller, Frank"]
[Result "0-1"]
[WhiteElo "2200"]
[BlackElo "2410"]
[PlyCount "88"]

1. d4 c5 2. d5 e5 3. c4 d6 4. Nc3 Ne7 5. e4 Ng6 6. Be3 Be7 7. Qd2 h6 8. g3 Bg5
9. h4 Bxe3 10. Qxe3 a6 11. h5 Nf8 12. f4 Nfd7 13. Nf3 Qe7 14. Bh3 O-O 15. Bf5
b5 16. cxb5 exf4 17. gxf4 axb5 18. Bxd7 Nxd7 19. Nxb5 Nb6 20. Kf2 Ba6 21. Na3
Qb7 22. Qd2 Rab8 23. Rhg1 Nd7 24. b3 Nf6 25. Rae1 Qb4 26. Qb2 Nxh5 27. Nc2 Qb6
28. Ne3 g6 29. Rg4 Qd8 30. Rh1 Nf6 31. Rxh6 Nxe4+ 32. Kg1 Qf6 33. Qc2 Rfe8 34.
f5 Qa1+ 35. Nd1 Nc3 36. Qxc3 Qxd1+ 37. Kh2 Re2+ 38. Kg3 Re5 39. Nxe5 Qg1+ 40.
Kf4 dxe5+ 41. Qxe5 (41. Kg5 $5 f6+ 42. Kxf6 Qxg4 43. Rxg6+ $18) 41... Rb4+ 42.
Kg5 Qxg4+ 43. Kf6 Rb6+ 44. Ke7 Qg5+ 0-1

[Event "?"]
[Site "Deutsche Einzelmeisterschaft / Dudweiler (9)"]
[Date "1996.??.??"]
[Round "?"]
[White "Pirrot, Dieter"]
[Black "Bangiev, Alexander"]
[Result "1/2-1/2"]
[WhiteElo "2415"]
[BlackElo "2400"]
[PlyCount "77"]

1. e4 g6 2. d4 Bg7 3. Nc3 c5 4. dxc5 Qa5 5. Bd2 Qxc5 6. Nd5 b6 7. Be3 Qc6 8.
Bb5 Qb7 9. Bd4 f6 10. Qf3 Nc6 11. Bc3 a6 12. Bd3 b5 13. b3 d6 14. h4 Ne5 15.
Bxe5 dxe5 16. h5 e6 17. hxg6 hxg6 18. Rxh8 Bxh8 19. Ne3 Bg7 20. Ne2 Qe7 21. a4
Rb8 22. axb5 axb5 23. Kf1 Kf7 24. Nc3 b4 25. Nb5 Bf8 26. Ra7 Rb7 27. Rxb7 Bxb7
28. Nc4 Qc5 29. Qe3 Qxe3 30. Nxe3 Bc5 31. c3 bxc3 32. Nxc3 f5 33. Nc4 Kf6 34.
f3 Ne7 35. Na5 Bxe4 36. Nxe4+ fxe4 37. fxe4 Bb4 38. Nc4 Nc6 39. Ne3 1/2-1/2